MCU Actors & Actresses - Statistics

General Stats
  • This quiz has been taken 528 times
    371 since last reset
  • The average score is 64 of 184
Answer Stats
Character Actor % Correct
Tony Stark (Iron Man) Robert Downey Jr.
99%
Steve Rogers (Captain America) Chris Evans
98%
Thor Chris Hemsworth
98%
Natasha Romanoff (Black Widow) Scarlett Johansson
98%
Mark Ruffalo
92%
Peter Quill (Star-Lord) Chris Pratt
91%
Clint Burton (Hawkeye) Jeremy Renner
91%
Peter Parker (Spider-Man) Tom Holland
91%
Dormammu | Stephen Strange Benedict Cumberbatch
88%
Wanda Maximoff (Scarlet Witch) Elizabeth Olsen
88%
Loki Tom Hiddleston
86%
Andrew Garfield
84%
Bucky Barnes (Winter Soldier) Sebastian Stan
84%
Tobey Maguire
84%
Scott Lang (Ant-Man) Paul Rudd
83%
Carol Danvers (Captain Marvel) Brie Larson
81%
T'Challa (Black Panther) Chadwick Boseman
81%
Groot Vin Diesel
80%
Rocket Bradley Cooper
78%
Nick Fury Samuel L. Jackson
77%
Gamora Zoe Saldana
76%
Sam Wilson (Falcon) Anthony Mackie
75%
Don Cheadle
73%
Drax Dave Bautista
72%
J.A.R.V.I.S. (Vision) Paul Bettany
71%
Pepper Potts Gwyneth Paltrow
70%
Jane Foster Natalie Portman
70%
Bruce Banner (Hulk) Edward Norton
64%
Pietro Maximoff (Quicksilver) Aaron Taylor-Johnson
62%
Wong Benedict Wong
60%
Hope van Dyne (Wasp) Evangeline Lilly
60%
Michelle Jones Zendaya
60%
Thena Angelina Jolie
59%
Heimdall Idris Elba
59%
Erik Stevens (Killmonger) Michael B. Jordan
59%
Norman Osborn (Green Goblin) Willem Dafoe
59%
Dominic Cooper
58%
Thanos Josh Brolin
58%
Valkyrie Tessa Thompson
57%
Hela Cate Blanchett
56%
Yelena Belova (Black Widow) Florence Pugh
55%
Eddie Brock (Venom) Tom Hardy
55%
Nebula Karen Gillan
54%
Odin Anthony Hopkins
53%
Quentin Beck (Mysterio) Jake Gyllenhaal
53%
Max Dillon (Electro) Jamie Foxx
53%
Grandmaster Jeff Goldblum
50%
Several cameos Stan Lee
50%
Hank Pym Michael Douglas
48%
Kate Bishop Hailee Steinfeld
47%
Happy Hogan Jon Favreau
46%
Ego Kurt Russell
45%
Maria Hill Cobie Smulders
44%
Ancient One Tilda Swinton
43%
Janet van Dyne Michelle Pfeiffer
42%
Peggy Carter Hayley Atwell
41%
Xu Shang-Chi Simu Liu
41%
Otto Octavius (Doctor Octopus) Alfred Molina
40%
May Parker Marisa Tomei
40%
Mantis Pom Klementieff
40%
James Rhodes (War Machine) Terrence Howard
40%
Trevor Slattery ("Mandarin") Ben Kingsley
38%
Gilgamesh Don Lee
38%
Ultron James Spader
38%
Obadiah Stane (Iron Monger) Jeff Bridges
38%
Korg Taika Waititi
38%
Adrian Toomes Michael Keaton
37%
Mobius M. Mobius Owen Wilson
37%
Matt Murdock (Daredevil) Charlie Cox
36%
Shuri Letitia Wright
36%
Ikaris Richard Madden
36%
Alexander Pierce Robert Redford
36%
Ajak Salma Hayek
36%
Erik Selvig Stellan Skarsgard
35%
Helmut Zemo Daniel Brühl
34%
J. Jonah Jameson J.K. Simmons
34%
Ivan Vanko (Whiplash) Mickey Rourke
34%
Ulysses Klaue Andy Serkis
33%
Minn-Erva | Sersi Gemma Chan
33%
Hugo Weaving
33%
Alexei Shostakov (Red Guardian) David Harbour
32%
Nakia Lupita Nyong'o
32%
Taneleer Tivan (Collector) Benicio del Toro
31%
Yon-Rogg Jude Law
31%
Kaecilius Mads Mikkelsen
31%
Everett K. Ross Martin Freeman
31%
Christine Palmer Rachel McAdams
31%
Arnim Zola Toby Jones
31%
Thaddeus Ross William Hurt
31%
Sean Gunn
30%
Okoye Danai Gurira
29%
Agatha Harkness Kathryn Hahn
29%
Kro Bill Skarsgard
28%
Phil Coulson Clark Gregg
28%
Chester Phillips Tommy Lee Jones
28%
Eros Harry Styles
27%
Ned Jacob Batalon
27%
Yondu Udonta Michael Rooker
26%
Katy Awkwafina
25%
Melina Vostokoff (Black Widow) Rachel Weisz
25%
Frigga Rene Russo
25%
Justin Hammer Sam Rockwell
25%
Zuri Forest Whitaker
24%
Aldrich Killian Guy Pearce
24%
Betty Ross Liv Tyler
24%
Druig Barry Keoghan
23%
Wilson Fisk (Kingpin) Vincent D'Onofrio
23%
M'Baku Winston Duke
23%
Luis Michael Peña
22%
Stakar Ogord Sylvester Stallone
22%
Sharon Carter Emily VanCamp
21%
Ralph Bohner Evan Peters
21%
Brock Rumlow Frank Grillo
21%
He Who Remains Jonathan Majors
21%
Ronan the Accuser Lee Pace
21%
Flint Marko (Sandman) Thomas Haden Church
21%
Karl Mordo Chiwetel Ejiofor
20%
Bill Foster Laurence Fishburne
20%
Phastos Brian Tyree Henry
19%
W'Kabi Daniel Kaluuya
19%
Jimmy Woo Randall Park
19%
Curt Connors (Lizard) Rhys Ifans
19%
Laura Barton Linda Cardellini
18%
John Walker (U.S. Agent) Wyatt Russell
18%
Malekith Christopher Eccleston
17%
Skurge Karl Urban
17%
Dane Whitman Kit Harington
17%
Abraham Erskine Stanley Tucci
17%
Kingo Kumail Nanjiani
16%
Eleanor Bishop Vera Farmiga
16%
Korath Djimon Hounsou
15%
Aaron Davis Donald Glover
14%
Aleta Ogord | Ying Nan Michelle Yeoh
14%
Irani Rael Glenn Close
13%
Ava Starr (Ghost) Hannah John-Kamen
13%
Talos Ben Mendelsohn
12%
Rhomann Dey John C. Reilly
12%
Howard Stark John Slattery
12%
Makkari Lauren Ridloff
12%
Sprite Lia McHugh
12%
Antonia Dreykov (Taskmaster) Olga Kurylenko
12%
Mar-Vell (Wendy Lawson) Annette Bening
11%
Ayesha Elizabeth Debicki
11%
Darren Cross (Yellowjacket) Corey Stoll
10%
Sylvie (Lady Loki) Sophia Di Martino
10%
Eugene Thompson ("Flash") Tony Revolori
10%
Sonny Burch Walton Goggins
10%
Proxima Midnight Carrie Coon
9%
Karen Jennifer Connelly
9%
Dreykov Ray Winstone
9%
N'Jobu Sterling K. Brown
9%
Laufey Colm Feore
8%
Ravonna Renslayer Gugu Mbatha-Raw
8%
Maya Hansen Rebecca Hall
8%
Johann Schmidt (Red Skull) Ross Marquand
8%
Karli Morgenthau Erin Kellyman
7%
Kazimierz Kazimierczak (Kazi) Fra Fee
7%
T'Chaka John Kani
7%
Heinz Kruger Richard Armitage
7%
Tony Leung Xu Wenwu
7%
Herman Schultz (Shocker) Bokeem Woodbine
6%
Jackson Brice (Shocker) Logan Marshall-Green
6%
Alaqua Cox Maya Lopez
6%
Xu Xialing Meng'er Zhang
6%
Ebony Maw Tom Vaughan-Lawlor
6%
Jack Duquesne Tony Dalton
6%
Corvus Glaive Michael James Shaw
5%
Rick Mason O.T. Fagbenle
5%
Arishem David Kaye
4%
Gerard Sanders
4%
Karun Harish Patel
4%
Akihiko Hiroyuki Sanada
4%
Cull Obsidian Terry Notary
4%
Algrim (Kurse) Adewale Akinnuoye-Agbaje
3%
Sharon Davis Debra Jo Rupp
3%
Raza Faran Tahir
3%
Savin James Badge Dale
3%
Hunter B-15 Wunmi Mosaku
3%
Miriam Sharpe Alfre Woodard
2%
Hayley Lovitt
1%
Brandt Stephanie Szostak
1%
No matching quizzes found
Score Distribution
Percent of People with Each Score
Percentile by Number Answered
Your Score History
You have not taken this quiz since the last reset